|
|
|
|
| LEADER |
00000cab a2200000 a 4500 |
| 001 |
vtls001511005 |
| 003 |
SK-MaSNL |
| 005 |
20260304234348.0 |
| 008 |
140912c20012002xo sr 0 0b0slos |
| 035 |
|
|
|a SPKCL13332
|
| 040 |
|
|
|a SPKCL
|b slo
|c SNKBUCL
|d SPK(LP)
|e AACR2
|
| 041 |
0 |
|
|a slo
|
| 044 |
|
|
|a xo
|c SK
|
| 080 |
|
|
|a 372.3:372.47/.48
|2 1981
|
| 100 |
1 |
|
|a Haverlík, Ivan K.
|4 aut
|9 1376037
|
| 245 |
1 |
0 |
|a Kto je potrebnejší
|b Remeselnícka rozprávka zo seriálu Tangramové rozprávky
|c Ivan K. Haverlík
|
| 520 |
|
|
|a Prostredníctvom tejto rozprávky sa deti zoznamujú s rôznymi zamestnaniami a s ich obsahovou náplňou. Zároveň rozvíjajú zmysel pre zodpovednosť a zhodnocujú dôležitosť stavu tej-ktorej profesie.
|
| 650 |
0 |
7 |
|a predškolská výchova
|2 SNKPH
|9 3959
|
| 650 |
0 |
7 |
|a hračky
|2 SNKPH
|9 25248
|
| 650 |
0 |
7 |
|a rozprávky
|2 SNKPH
|9 75941
|
| 650 |
0 |
7 |
|a materské školy
|2 SNKPH
|9 1278
|
| 650 |
0 |
7 |
|a deti
|2 SNKPH
|9 773
|
| 650 |
0 |
7 |
|a rozvoj osobnosti
|2 SNKPH
|9 63298
|
| 650 |
0 |
7 |
|a tvorivé činnosti
|2 SNKPH
|9 1105682
|
| 650 |
0 |
7 |
|a profesie
|2 SNKPH
|9 2345
|
| 655 |
|
7 |
|a články
|2 SNKPH
|9 70601
|
| 773 |
1 |
|
|t Predškolská výchova
|g Roč. 56, č. 5 (2001/2002) s. 43-45
|
| 850 |
|
|
|a Slovenská pedagogická knižnica Bratislava
|
| 852 |
|
|
|a SPKCL
|b KIS3GCP
|b 000710000
|n SK
|
| 999 |
|
|
|c 3203539
|d 3205469
|